| 000 | 00000nam##2200000za#4500 |
| 001 | 9.644111 |
| 003 | CaOODSP |
| 005 | 20210624224507 |
| 007 | cr ||||||||||| |
| 008 | 150407|2015||||xxc|||||o f|0| 0 fre|d |
| 020 | |a978-0-660-23122-8 |
| 040 | |aCaOODSP|bfre |
| 043 | |an-cn--- |
| 086 | 1 |aEn84-127/2015F-PDF |
| 110 | 1 |aCanada. |bEnvironnement Canada. |
| 245 | 10|aÉvaluation préalable finale des espèces Nitrococcus 16972-7 et Nitrosococcus 16971-6 / |h[ressource électronique]|c[publié conjointement avec] Santé Canada. |
| 260 | |aOttawa - Ontario : |bEnvironnement Canada |cFévrier 2015. |
| 300 | |a9p.|bréférences, tableau |
| 590 | |a15-08|b2015-02-20 |
| 691 | 07|aMicro-organisme|2gcpds |
| 775 | 08|tFinal screening assessment for Nitrococcus sp. 16972-7 and Nitrosococcus sp. 16971-6 / |w(CaOODSP)9.700208 |
| 856 | 40|ahttp://publications.gc.ca|qPDF|s97 Ko|uhttps://publications.gc.ca/collections/collection_2015/ec/En84-127-2015-fra.pdf |